000 00828cab a2200253 4500
001 WB3444-49
008 090401t1998 xxu||||| |||| 00| 0 eng d
035 _a(Sirsi) u89810
041 _aeng
245 _aEffects of telecommunications
260 _c1998
350 _a0
490 _aDETR News Release
_v(970) 16 November 1998 (3)
520 _aThe Planning Minister has emphasized the need for the development of the telecommunications network to proceed with as little impact on the environment as possible.
650 _aDEVELOPMENT CONTROL
650 _aENVIRONMENTAL IMPACT
650 _aPERMITTED DEVELOPMENT RIGHTS
650 _aPLANNING CONTROL
650 _aTELECOMMUNICATIONS NETWORK
650 _aTELECOMMUNICATIONS
690 _aTRANSPORT AND COMMUNICATIONS
942 _n0
948 _c19/11/1998
999 _c56850
_d56850